000 01920cam a22004934i 4500
003 PE-LiUPU
005 20250731172955.0
008 150616s r 000 0 d
020 _a8425415438
035 _a(Sirsi) i9788425415432
040 _aPE-LiUPU
_bspa
_cPE-LiUPU
_erda
049 _aPRUA
082 0 4 _a253.7
_bG73
_221
100 1 _aGoricheva, Tat'iana Mijaïlovna,
_eautor.
245 1 0 _aHablar de Dios resulta peligroso :
_bMis experiencias en Rusia y en Occidente /
_cTatiana Góricheva ; [versión castellana de Claudio Gancho].
264 1 _aBarcelona :
_bEditorial Herder,
_c1986.
300 _a142 páginas ;
_c19 centímetros
336 _atext
_2rdacontent
337 _aunmediated
_2rdamedia
338 _avolume
_2rdacarrier
505 0 _aUn encuentro con el diablo -- Mi conversión -- El misterio de la reconciliación o mi primera confesión -- El padre Leonid -- El primer amor -- Nuestro semimnario -- No tiene aspecto ni apariencia -- Un día en el monasterio -- Del diario de una emigrante.
526 _aSEG42
526 _aSEG41
526 _aSEG40
526 _aSEG39
526 _aP94
526 _aP87
526 _aP86
526 _aP85
526 _aP77
526 _aP76
526 _aP35
600 1 _aGoricheva, Tat'iana Mijaïlovna
650 0 4 _aIglesia Ortodoxa Rusa
_xHistoria.
651 _aURSS
_xHistoria eclesiástica.
700 1 _aGancho, Claudio,
_etraductor.
910 _ajck
_bjvq
_cjck
942 _2ddc
_cBOOK
949 _a253.7 G73
_wDEWEY
_c1
_i28461
_lCCODEBUL1
_mBUL
_r0
_sY
_tBOOK
_u2015-6-16
_xTEOLOGIA
_zUNKNOWN
_0COMPRA
_o.STAFF. Colección General
994 _aC0
_bPEPRU
596 _a1
999 _a253.7 G73
_wDEWEY
_c22081
_i28461
_f2021-11-12
_g5
_lCCODEBUL1
_mBUL
_r0
_sY
_tBOOK
_u2015-6-16
_xTEOLOGIA
_zUNKNOWN
_0COMPRA
_o.STAFF. Colección General
_d22081
980 _81
_gALBERTO SANCHEZ Responsable de Automatización